| 000 | 00786nam a2200229 a 4500 | ||
|---|---|---|---|
| 001 | BRCA_1174 | ||
| 005 | 20190320203320.0 | ||
| 008 | 900919s1989 mx-a---##b---#000-0#spa-# | ||
| 020 | _a9687009209 | ||
| 040 |
_aDLC _cDLC |
||
| 050 | 4 |
_aND553.P5 _b.O78 1989 |
|
| 100 | 1 |
_aOrtiz Macedo, Luis _91569 |
|
| 245 | 1 | 0 |
_aEdouard Pingret _bun pintor romántico francés que retrató el México del mediar del siglo XIX _cLuis Ortiz Macedo. |
| 260 |
_aMéxico _bFomento Cultural Banamex _c1989 |
||
| 300 |
_axiii, 160 p. _bil. a color _c34 cm. |
||
| 504 | _aBibliografía: p. 149-151 | ||
| 600 | 1 | 4 |
_aPingret, Edouard _d1788-1875 _xCrítica e interpretación _93882 |
| 650 | 1 | 4 |
_aMéxico en el arte _9809 |
| 653 | 0 | _aViajeros extranjeros en México | |
| 653 | 0 | _aVida cotidiana | |
| 942 |
_2lcc _cB |
||
| 999 |
_c1051 _d1051 |
||